ბათუმის შოთა რუსთაველის სახელმწიფო უნივერსიტეტის ბიბლიოთეკა

კონსტიტუციური სამართალი : (ბიბ.ჩანაწერი № 34818)

000 -ლიდერი
ფიქსირებული სიგრძის საკონტროლო ველი 01597nam a2200265Ia 4500
001 - საკონტროლო ნომერი
საკონტროლო ველი 629
003 - საკონტროლო ნომრის იდენტიფიკატორი
საკონტროლო ველი GE_BSU
005 - ბოლო ოპერაციის თარიღი და დრო
საკონტროლო ველი 20211122121135.0
008 - ფიქსირებული სიგრძის მონაცემთა ელემენტები - ზოგადი ინფორმაცია
ფიქსირებული სიგრძის საკონტროლო ველი 181216s||||||||ge |||||||||||||| ||geo||
040 ## - კატალოგიზაციის წყარო
Transcribing agency GE_BSU
041 ## - ენის კოდი
Language code of text/sound track or separate title geo
080 ## - უნივერსალური ათობითი კლასიფიკაციის ინდექსი
Universal Decimal Classification number 342(075.8) კ–73
245 ## - ცნობა სათაურის შესახებ
Title კონსტიტუციური სამართალი :
Remainder of title სახელმძღვანელო /
Statement of responsibility, etc [ავტ. კოლ.: ავთანდილ დემეტრაშვილი (პმგ რედ.), მარინა კვაჭაძე, კონსტანტინე კუბლაშვილი და სხვ.] ; საკონსტ. პრობლემათა სტრატ. კვლევის ცენტრი.
264 ## - წარმოების, გამოცემის, დისტრიბუციის და სხვა ცნობები
გამოცემის, წარმოების, დისტრიბუციის... ადგილი თბილისი :
გამოცემის, წარმოების, დისტრიბუციის... სახელწოდება ინოვაცია,
გამოცემის, წარმოების, დისტრიბუციის... თარიღი 2005.
300 ## - ფიზიკური აღწერა
Extent 527 გვ.;
Other physical details 20 სმ.
504 ## - BIBLIOGRAPHY, ETC. NOTE
Bibliography, etc ბიბლიოგრ. ტექსტ. შენიშვნ.
653 ## - INDEX TERM--UNCONTROLLED
Uncontrolled term კონსტიტუციური სამართალი
653 ## - INDEX TERM--UNCONTROLLED
Uncontrolled term სახელმძღვანელო
653 ## - INDEX TERM--UNCONTROLLED
Uncontrolled term საქართველოს კონსტიტუციური სამართალი
700 ## - ADDED ENTRY--PERSONAL NAME
Personal name დემეტრაშვილი, ავთანდილ და სხვ.
Relator term ავტორი
9 (RLIN) 6160
700 ## - ADDED ENTRY--PERSONAL NAME
Personal name კვაჭაძე, მარინა
Relator term რედაქტორი
9 (RLIN) 9368
710 ## - ADDED ENTRY--CORPORATE NAME
Corporate name or jurisdiction name as entry element საკონსტ. პრობლემათა სტრატ. კვლევის ცენტრი.
9 (RLIN) 12989
942 ## - ADDED ENTRY ELEMENTS (KOHA)
Koha item type წიგნი
Source of classification or shelving scheme
ეგზემპლარები
ჩამოწერის სტატუსი დაკარგული ეგზემპლარის სტატუსი კლასიფიკაციის წყარო ან თაროზე გაწყობის სქემა დაზიანების სტატუსი არ გაიცემა მუდმივი მდებარეობა (დაცვის ადგილი) ამჟამინდელი ადგილსამყოფელი თაროზე განთავსების ადგილი შეძენის თარიღი ღირებულება, შესყიდვის ნორმალური ფასი სრული შენახვის შიფრი შტრიხკოდი ბოლო ოპერაციის თარიღი ეგზემპლარის მიმდევრობითი ნომერი (კეტერი?) ფასის ძალაში შესვლის თარიღი ეგზემპლარის სახეობა საჯარო შენიშვნა მითითებული მასალები (აკინძული ტომები ან სხვა ნაწილი)
          ბათუმის შოთა რუსთაველის სახელმწიფო უნივერსიტეტის მთავარი ბიბლიოთეკა ბათუმის შოთა რუსთაველის სახელმწიფო უნივერსიტეტის მთავარი ბიბლიოთეკა წიგნსაცავი 2018-12-17 10.00 342(075.8) კ–73 1768 2018-12-17 1768 2018-12-17 წიგნი 10 ლ.  
          ბათუმის შოთა რუსთაველის სახელმწიფო უნივერსიტეტის მთავარი ბიბლიოთეკა ბათუმის შოთა რუსთაველის სახელმწიფო უნივერსიტეტის მთავარი ბიბლიოთეკა წიგნსაცავი 2021-11-22 15.15 342(075.8) კ–73 00564 2021-11-22 00564 2021-11-22 წიგნი 15ლ. 15 თ. ქსეროასლი